ბათუმის შოთა რუსთაველის სახელმწიფო უნივერსიტეტის ბიბლიოთეკა

თეორიული მექანიკა (კინემატიკა) : (ბიბ.ჩანაწერი № 39586)

000 -ლიდერი
ფიქსირებული სიგრძის საკონტროლო ველი 01160nam a2200241Ia 4500
001 - საკონტროლო ნომერი
საკონტროლო ველი 6186
003 - საკონტროლო ნომრის იდენტიფიკატორი
საკონტროლო ველი GE_BSU
005 - ბოლო ოპერაციის თარიღი და დრო
საკონტროლო ველი 20200204154803.0
008 - ფიქსირებული სიგრძის მონაცემთა ელემენტები - ზოგადი ინფორმაცია
ფიქსირებული სიგრძის საკონტროლო ველი 181216s2 ||||ge |||||||||||||| ||geo||
020 ## - წიგნის საერთაშორისო სტანდარტული ნომერი
International Standard Book Number 97899414126
040 ## - კატალოგიზაციის წყარო
Transcribing agency GE_BSU
041 ## - ენის კოდი
Language code of text/sound track or separate title geo
080 ## - უნივერსალური ათობითი კლასიფიკაციის ინდექსი
Universal Decimal Classification number 531.2(075.4) ფ-98
100 ## - მთავარი ჩანაწერი - პიროვნების სახელი
Personal name ფუტკარაძე, გ.
9 (RLIN) 2474
245 ## - ცნობა სათაურის შესახებ
Title თეორიული მექანიკა (კინემატიკა) :
Remainder of title ინდივიდუალური კრებული /
Statement of responsibility, etc გ. ფუტკარაძე, თ. თურმანიძე ; რედ. მიხეილ დონაძე.
264 ## - წარმოების, გამოცემის, დისტრიბუციის და სხვა ცნობები
გამოცემის, წარმოების, დისტრიბუციის... ადგილი ბათუმი :
გამოცემის, წარმოების, დისტრიბუციის... სახელწოდება შოთა რუსთაველის სახელმწიფო უნ-ტი.
გამოცემის, წარმოების, დისტრიბუციის... თარიღი 2012.
300 ## - ფიზიკური აღწერა
Extent 77 გვ. :
Other physical details ბიბლიოგ. გვ.76, ნახაზ. ;
Dimensions 20 სმ.
653 ## - INDEX TERM--UNCONTROLLED
Uncontrolled term თეორიული მექანიკა
653 ## - INDEX TERM--UNCONTROLLED
Uncontrolled term კინემატიკა
700 ## - ADDED ENTRY--PERSONAL NAME
Personal name თურმანიძე, თ.
Relator term ავტორი
9 (RLIN) 6798
700 ## - ADDED ENTRY--PERSONAL NAME
Personal name დონაძე, მიხეილ
Relator term რედაქტორი
9 (RLIN) 6799
942 ## - ADDED ENTRY ELEMENTS (KOHA)
Koha item type წიგნი
Source of classification or shelving scheme
ეგზემპლარები
ჩამოწერის სტატუსი დაკარგული ეგზემპლარის სტატუსი კლასიფიკაციის წყარო ან თაროზე გაწყობის სქემა დაზიანების სტატუსი არ გაიცემა მუდმივი მდებარეობა (დაცვის ადგილი) ამჟამინდელი ადგილსამყოფელი თაროზე განთავსების ადგილი შეძენის თარიღი სრული შენახვის შიფრი შტრიხკოდი ბოლო ოპერაციის თარიღი ეგზემპლარის მიმდევრობითი ნომერი (კეტერი?) ფასის ძალაში შესვლის თარიღი ეგზემპლარის სახეობა
          ბათუმის შოთა რუსთაველის სახელმწიფო უნივერსიტეტის მთავარი ბიბლიოთეკა ტექნოლოგიური ფაკულტეტის ბიბლიოთეკა წიგნსაცავი 2018-12-17 531.2(075.4) ფ-98 14828 2018-12-17 14828 2018-12-17 წიგნი
          ბათუმის შოთა რუსთაველის სახელმწიფო უნივერსიტეტის მთავარი ბიბლიოთეკა ტექნოლოგიური ფაკულტეტის ბიბლიოთეკა წიგნსაცავი 2018-12-17 531.2(075.4) ფ-98 14829 2018-12-17 14829 2018-12-17 წიგნი
          ბათუმის შოთა რუსთაველის სახელმწიფო უნივერსიტეტის მთავარი ბიბლიოთეკა ტექნოლოგიური ფაკულტეტის ბიბლიოთეკა წიგნსაცავი 2018-12-17 531.2(075.4) ფ-98 14830 2018-12-17 14830 2018-12-17 წიგნი
          ბათუმის შოთა რუსთაველის სახელმწიფო უნივერსიტეტის მთავარი ბიბლიოთეკა ტექნოლოგიური ფაკულტეტის ბიბლიოთეკა წიგნსაცავი 2018-12-17 531.2(075.4) ფ-98 14831 2018-12-17 14831 2018-12-17 წიგნი
          ბათუმის შოთა რუსთაველის სახელმწიფო უნივერსიტეტის მთავარი ბიბლიოთეკა ტექნოლოგიური ფაკულტეტის ბიბლიოთეკა წიგნსაცავი 2018-12-17 531.2(075.4) ფ-98 14832 2018-12-17 14832 2018-12-17 წიგნი